000 00488nam a2200109Ia 4500
008 160909s9999 xx 000 0 und d
100 _aRamesh, Karthik
245 _aDecentralising the central storage node and preventing data-loss by using cipher-text policy-attribute based encryption for interruption tolerant networks
260 _bCalifornia State University, Long Beach.
_c2016
650 _aInformation Technology
856 _uhttp://pqdtopen.proquest.com/doc/1763136727.html?FMT=ABS
999 _c303837
_d303837